| 000 | 00700nam a2200229Ia 4500 | ||
|---|---|---|---|
| 005 | 20241129104220.0 | ||
| 008 | 241129s9999||||xx |||||||||||||| ||und|| | ||
| 020 | _a9781529226225 | ||
| 037 | _aTextual | ||
| 040 |
_aRTL _beng _cRTL |
||
| 041 |
_aeng _2eng |
||
| 084 |
_aY7 R2 _qRTL |
||
| 100 |
_aAdloff Frank _9725269 |
||
| 245 | 0 |
_aPolitics of the gift: Towards a convivial society. Translated by Bjorn Bosserhoff _cAdloff Frank |
|
| 260 |
_aUnited Kingdom _bBristol University Press _c2022 |
||
| 300 | _a185p. | ||
| 365 |
_aINR _b8155.2 |
||
| 490 | _aAlternatives to Capitalism in the 21st Century | ||
| 650 | _aSociology | ||
| 942 |
_cTB _hY7 R2 |
||
| 999 |
_c1224917 _d1224917 |
||